<?xml version="1.0" encoding="UTF-8"?>
<marc:record xmlns:marc="http://www.loc.gov/MARC21/slim">
   <marc:leader>00000nam a2200000 a 4500</marc:leader>
   <marc:datafield ind1=" " ind2=" " tag="653">
      <marc:subfield code="a">Wieso?</marc:subfield>
   </marc:datafield>
   <marc:datafield ind1=" " ind2=" " tag="653">
      <marc:subfield code="a">Weshalb?</marc:subfield>
   </marc:datafield>
   <marc:datafield ind1=" " ind2=" " tag="653">
      <marc:subfield code="a">Warum?</marc:subfield>
   </marc:datafield>
   <marc:datafield ind1=" " ind2=" " tag="653">
      <marc:subfield code="a">Erde</marc:subfield>
   </marc:datafield>
   <marc:datafield ind1=" " ind2=" " tag="653">
      <marc:subfield code="a">Clever Tonie</marc:subfield>
   </marc:datafield>
   <marc:datafield ind1="0" ind2="0" tag="245">
      <marc:subfield code="a">Die Erde Wieso? Weshalb? Warum?</marc:subfield>
   </marc:datafield>
   <marc:datafield ind1="0" ind2="0" tag="245">
      <marc:subfield code="b">Clever Tonie</marc:subfield>
   </marc:datafield>
   <marc:datafield ind1=" " ind2="1" tag="264">
      <marc:subfield code="a">Düsseldorf</marc:subfield>
      <marc:subfield code="b">tonies GmbH</marc:subfield>
      <marc:subfield code="c">2025</marc:subfield>
   </marc:datafield>
   <marc:datafield ind1="1" ind2=" " tag="520">
      <marc:subfield code="a">Auf der Erde gibt es so viel zu entdecken. Jette, Lilli, Ben und Finn gehen jeder Frage auf den Grund und beschäftigen sich mit der Entstehung unseres blauen Planeten. Im Museum reisen sie einmal um die Welt und lernen verschiedene Klimazonen kennen. In einem Erdbeben-Simulator werden die WissensProfis ordentlich durchgerüttelt. Sie machen einen Ausflug ans Meer und bringen einem Ei das Schwimmen bei. Und im Interview mit einer Umweltschützerin erfahren die vier Freunde, wie wir die Erde schützen können.&#xD;
Haie, Wale und Delfine&#xD;
Bis zur Eröffnung des neuen Meereskunde-Museums sind es nur noch wenige Wochen. Doch Jette, Lilli, Ben und Finn wollen nicht warten. Fasziniert von den Giganten der Meere tauchen sie ein in eine aufregende Unterwasserwelt. Dabei nehmen die WissensProfis ein Blauwalskelett unter die Lupe, lauschen dem Gesang der Delfine, bewundern die Eleganz der Haie bei einer Fütterung im Aquarium und lernen so Erstaunliches über Körperfunktionen, Ernährung und Jagdverhalten dieser beeindruckenden Meeresbewohner.</marc:subfield>
   </marc:datafield>
   <marc:datafield ind1=" " ind2=" " tag="041">
      <marc:subfield code="a">ger</marc:subfield>
   </marc:datafield>
   <marc:datafield ind1=" " ind2=" " tag="338">
      <marc:subfield code="a">Gegenstand</marc:subfield>
   </marc:datafield>
   <marc:datafield ind1=" " ind2=" " tag="300">
      <marc:subfield code="a">79 Minuten</marc:subfield>
   </marc:datafield>
</marc:record>
